00510nam a2200169Ia 450000500170000000800410001702000150005808200130007310000170008624500230010326000430012630000210016950000310019094200060022195200980022799900150032520250310060144.0240331s9999 xx 000 0 und d a9555570043 bARIa894 aAriyaratne,S 0aHaththawe kolaniya aNugegodabPiyavi Book Publishersc1987 a270 p ., ( v 1 ) aA novel about 70s Colonial cL 001040708LaWERCLbWERCLcSSCd2024-03-31l0o 891.48 ARIp1457r2024-03-31w2024-03-31yL c4928d4928